00819 2200325 4500001002100000005001500021035002000036245007500056100001800131250000600149300003700155700000900192260002700201082001000228084001600238020001800254650002300272990001600295990001600311990001600327990001700343990001600360990001600376990001700392990001700409990001600426990001700442990001700459990001700476INLIS00000000000125220190731123538 a0010-07190000131 aEnsiklopedia Alat Musik Tradisional /cTitik Oktia M; Ilustrator, Seno0 aTitik Oktia M a- aiv, 52 hlm. :bilus. ;c29,7 cm.0 aSeno aSurabaya :bSIC,c2009 a780.3 a780.3 TIT e a979-9910-29-3 aEnsiklopedia Musik a4477/P/2018 a4478/P/2018 a4479/P/2018 a04477/P/2018 a4478/P/2018 a4479/P/2018 a04478/P/2018 a04477/P/2018 a4479/P/2018 a04479/P/2018 a04477/P/2018 a04478/P/2018